000 00602nam a2200193Ia 4500
005 20250508165413.0
008 008 250505s9999 xx 000 0 hin d
037 _aDissertations
040 _aFEDL
_beng
_cFEDL
041 _ahin
_2eng
084 _a376.954, GOS/DI
_qFEDL
100 _aGoswami Neha
_9555344
245 0 _aHindi mahila lekhikaon ki rachnaon mein stree vimarsh evam uske shaikshik nihitarth
260 _c2014
300 _a152p.
546 _aM.Ed. Dissertation, (Delhi University); C D Included
942 _cDIS
_h376.954, GOS/DI
999 _c1394925
_d1394925